000 00725nam a22002297a 4500
001 29481
003 UA-OsUOA
005 20220624202859.0
007 ta
008 20041012b un ||||| |||| 00| 0 ukr d
040 _aUA-OsUOA
_brus
_cUA-OsUOA
_dUA-OsUOA
041 _arus
044 _aRU
080 _a82.09(47+57)
090 _a82.09(47+57)
_bЛ64
245 _aЛитература великого подвига
_cсост. В. Борщуков, Л. Иванова
_nВып. 2
_pВеликая Отечественная война в литературе
260 _aМосква
_bЖудожественная литература
_c1975
300 _a352 с.
650 7 _2UDC
942 _cBK
_2udc
955 _a0
999 _c315872
_d315872